Ojcowie Polski Odrodzonej - Statystyki

Ogólne statystyki
  • Ten quiz został rozwiązany 36 razy
  • Średni wynik to 4 z 6
Statystyki odpowiedzi
Obrazkowy Odpowiedź % Poprawnych
Józef Piłsudski
96%
Roman Dmowski
93%
Ignacy Jan Paderewski
63%
Wincenty Witos
59%
Wojciech Korfanty
48%
Ignacy Daszyński
37%
Nie znaleziono quizów pasujących do podanych kryteriów
Rozkład punktacji
Procent ludzi z każdym wynikiem
Percentyl według liczby udzielonych odpowiedzi
Twoja historia wyników
Nie rozwiązałeś tego quizu